00605nam a2200157 a 450000100100000000500170001000800410002702000180006804000250008610000320011124501140014326000440025730000360030150000780033770000320041500003791320201002031133.0130308s2012 dr ac 000 0 spa d a9789945885316 aDO-SdBNPbspacBNPHU1 aBrea Montero, Carmen Alicia10aCostumbres y tradiciones de San Juan de la Maguana /cCarmen Alicia Brea Montero, Dilcia Medina Encarnacón. aSanto Domingo :bEditora Búho,c2012. a133 p. :bil., retrs. ;c23 cm. aIncluye datos biográficos de la autora en la solapa de la contraportada1 aMedina Encarnacón, Dilcia